[Event "RUS-chT 17th"]
[Site "Dagomys"]
[Date "2010.04.09"]
[Round "8"]
[White "Dyachkov, Sergej"]
[Black "Rublevsky, Sergei"]
[Result "1/2-1/2"]
[WhiteElo "2573"]
[BlackElo "2697"]
[PlyCount "25"]
[EventDate "2010.04.01"]
[EventType "team-tourn"]
[EventRounds "9"]
[EventCountry "RUS"]
[SourceTitle "EXT 2020"]
[Source "ChessBase"]
[SourceDate "2019.10.17"]
[SourceVersion "1"]
[SourceVersionDate "2019.10.17"]
[SourceQuality "1"]
[WhiteTeam "Saratov Economist SGSEU II"]
[BlackTeam "Khanty Mansiysk Yugra"]
[WhiteTeamCountry "RUS"]
[BlackTeamCountry "RUS"]

1. Nf3 d5 2. c4 c6 3. e3 Nf6 4. Nc3 a6 5. d4 e6 6. c5 Nbd7 7. b4 b6 8. Bb2 Be7 9. Bd3 a5 10. a3 0-0 11. 0-0 Ba6 12. Re1 Bxd3 13. Qxd3 1/2-1/2

[Event "RUS-chT 17th"]
[Site "Dagomys"]
[Date "2010.04.07"]
[Round "6"]
[White "Dyachkov, Sergej"]
[Black "Papin, Vasily"]
[Result "1/2-1/2"]
[WhiteElo "2573"]
[BlackElo "2532"]
[PlyCount "35"]
[EventDate "2010.04.01"]
[EventType "team-tourn"]
[EventRounds "9"]
[EventCountry "RUS"]
[SourceTitle "EXT 2020"]
[Source "ChessBase"]
[SourceDate "2019.10.17"]
[SourceVersion "1"]
[SourceVersionDate "2019.10.17"]
[SourceQuality "1"]
[WhiteTeam "Saratov Economist SGSEU II"]
[BlackTeam "Moscow Etiud Kontakt"]
[WhiteTeamCountry "RUS"]
[BlackTeamCountry "RUS"]

1. c4 Nf6 2. Nc3 c5 3. Nf3 e6 4. g3 b6 5. Bg2 Bb7 6. 0-0 Be7 7. d4 cxd4 8. Qxd4 d6 9. Rd1 a6 10. b3 Nbd7 11. e4 Qc8 12. Bb2 0-0 13. Rac1 Re8 14. h3 Bf8 15. Nh2 Qc7 16. Ng4 Nxg4 17. hxg4 h6 18. Qd2 1/2-1/2

[Event "RUS-chT 17th"]
[Site "Dagomys"]
[Date "2010.04.04"]
[Round "4"]
[White "Dyachkov, Sergej"]
[Black "Panarin, Mikhail"]
[Result "1/2-1/2"]
[WhiteElo "2573"]
[BlackElo "2532"]
[PlyCount "32"]
[EventDate "2010.04.01"]
[EventType "team-tourn"]
[EventRounds "9"]
[EventCountry "RUS"]
[SourceTitle "EXT 2020"]
[Source "ChessBase"]
[SourceDate "2019.10.17"]
[SourceVersion "1"]
[SourceVersionDate "2019.10.17"]
[SourceQuality "1"]
[WhiteTeam "Saratov Economist SGSEU II"]
[BlackTeam "Belgorod BelGu"]
[WhiteTeamCountry "RUS"]
[BlackTeamCountry "RUS"]

1. d4 Nf6 2. Nf3 e6 3. e3 c5 4. Bd3 Nc6 5. 0-0 d5 6. b3 Be7 7. Bb2 0-0 8. Nbd2 b6 9. Ne5 Bb7 10. f4 Nd7 11. a3 f5 12. Nxc6 Bxc6 13. g4 g6 14. Qe2 Bf6 15. Qg2 Kh8 16. Nf3 Rc8 1/2-1/2

[Event "RUS-chT 17th"]
[Site "Dagomys"]
[Date "2010.04.03"]
[Round "3"]
[White "Dyachkov, Sergej"]
[Black "Efimenko, Zahar"]
[Result "1/2-1/2"]
[WhiteElo "2573"]
[BlackElo "2640"]
[PlyCount "70"]
[EventDate "2010.04.01"]
[EventType "team-tourn"]
[EventRounds "9"]
[EventCountry "RUS"]
[SourceTitle "EXT 2020"]
[Source "ChessBase"]
[SourceDate "2019.10.17"]
[SourceVersion "1"]
[SourceVersionDate "2019.10.17"]
[SourceQuality "1"]
[WhiteTeam "Saratov Economist SGSEU II"]
[BlackTeam "Sankt Petersburg Chess Federation"]
[WhiteTeamCountry "RUS"]
[BlackTeamCountry "RUS"]

1. d4 Nf6 2. c4 e6 3. g3 d5 4. Bg2 dxc4 5. Nf3 c5 6. 0-0 Nc6 7. dxc5 Qxd1 8. Rxd1 Bxc5 9. Nbd2 c3 10. bxc3 Bd7 11. Rb1 0-0-0 12. Nb3 Bb6 13. Ng5 Be8 14. Rxd8+ Nxd8 15. Nd4 h6 16. Ne4 Nxe4 17. Bxe4 Bc6 18. Nxc6 Nxc6 19. Bxc6 bxc6 20. Kf1 Rd8 21. Ke1 Rd5 22. h4 Ra5 23. Rb2 Ra4 24. Bf4 h5 25. f3 f6 26. e4 e5 27. Bc1 g6 28. Ke2 f5 29. Kd3 Kc7 30. Re2 Kd6 31. Rd2 Ke6 32. Re2 Bc5 33. Be3 Bb6 34. Bc1 Bc5 35. Be3 Bb6 1/2-1/2

[Event "RUS-chT2 16th"]
[Site "Dagomys"]
[Date "2009.04.06"]
[Round "5"]
[White "Dyachkov, Sergej"]
[Black "Zontakh, Andrey"]
[Result "1/2-1/2"]
[WhiteElo "2568"]
[BlackElo "2581"]
[PlyCount "39"]
[EventDate "2009.04.02"]
[EventType "team-tourn"]
[EventRounds "9"]
[EventCountry "RUS"]
[SourceTitle "CBM 129 Extra"]
[Source "ChessBase"]
[SourceDate "2009.05.05"]
[SourceVersion "2"]
[SourceVersionDate "2009.05.20"]
[SourceQuality "1"]

1. d4 Nf6 2. c4 e6 3. g3 d5 4. Bg2 Bb4+ 5. Bd2 Be7 6. Nf3 0-0 7. 0-0 c6 8. Qb3 b6 9. Nc3 Ba6 10. cxd5 cxd5 11. Rfc1 Bb7 12. Nb5 Nc6 13. Bf4 Ne4 14. Ne5 Nxe5 15. Bxe5 Nd6 16. Bxd6 Bxd6 17. Rc3 a6 18. Nxd6 Qxd6 19. Rac1 Rfc8 20. Rxc8+ 1/2-1/2

[Event "RUS-chT2 16th"]
[Site "Dagomys"]
[Date "2009.04.05"]
[Round "4"]
[White "Dyachkov, Sergej"]
[Black "Klimov, Sergey"]
[Result "1-0"]
[WhiteElo "2568"]
[BlackElo "2521"]
[PlyCount "109"]
[EventDate "2009.04.02"]
[EventType "team-tourn"]
[EventRounds "9"]
[EventCountry "RUS"]
[SourceTitle "CBM 129 Extra"]
[Source "ChessBase"]
[SourceDate "2009.05.05"]
[SourceVersion "2"]
[SourceVersionDate "2009.05.20"]
[SourceQuality "1"]

1. d4 Nf6 2. c4 g6 3. Nc3 Bg7 4. e4 d6 5. f3 0-0 6. Be3 e5 7. Nge2 c6 8. d5 cxd5 9. cxd5 Nbd7 10. g4 h5 11. h3 Nh7 12. gxh5 Bf6 13. Rg1 Bh4+ 14. Kd2 Bg5 15. Bxg5 Nxg5 16. Rg3 Kg7 17. Kc2 Nh7 18. f4 exf4 19. Nxf4 Ne5 20. Qd4 Qh4 21. hxg6 Qxf4 22. Ne2 Qh4 23. gxh7+ Kxh7 24. Rc1 Bd7 25. Kb1 Rac8 26. Rgc3 b6 27. Qe3 Rxc3 28. Nxc3 Rg8 29. a3 Rg6 30. Ne2 Rf6 31. Nd4 Rf4 32. Bg2 Rf2 33. Rc2 Rxc2 34. Kxc2 Kg6 35. Nf3 Nxf3 36. Qxf3 Qe1 37. Kb3 a5 38. Qf4 Qd1+ 39. Ka2 Bb5 40. Qxd6+ Kh7 41. Qc7 Qd3 42. Qxf7+ Kh6 43. Qf4+ Kg6 44. Qf5+ Kh6 45. Qf6+ Kh7 46. Qh4+ Kg6 47. Qe1 Bc4+ 48. Ka1 Qb3 49. Qb1 Bd3 50. Qg1 Kh7 51. e5 Kh8 52. e6 Bc4 53. Qd4+ Kg8 54. Qg4+ Kf8 55. Qf3+ 1-0

[Event "RUS-chT"]
[Site "Dagomys"]
[Date "2008.04.02"]
[Round "1"]
[White "Khairullin, Ildar"]
[Black "Dyachkov, Sergej"]
[Result "1/2-1/2"]
[WhiteElo "2554"]
[BlackElo "2566"]
[PlyCount "33"]
[EventDate "2008.04.02"]
[EventType "team"]
[EventRounds "11"]
[EventCountry "RUS"]
[SourceTitle "CBM 124"]
[Source "ChessBase"]
[SourceDate "2008.05.28"]
[SourceVersion "1"]
[SourceVersionDate "2008.05.28"]
[SourceQuality "1"]
[WhiteTeam "Saratov Economist"]
[BlackTeam "Saratov Economist II"]
[WhiteTeamCountry "RUS"]
[BlackTeamCountry "RUS"]

1. e4 e6 2. d4 d5 3. e5 c5 4. c3 Nc6 5. Nf3 Qb6 6. a3 Bd7 7. b4 cxd4 8. cxd4 Rc8 9. Bb2 Nh6 10. Nc3 Na5 11. Na4 Qc6 12. Rc1 Nc4 13. Bxc4 dxc4 14. Nc3 Nf5 15. 0-0 Be7 16. d5 exd5 17. Nxd5 1/2-1/2

[Event "Moscow Aeroflot op-A1"]
[Site "Moscow"]
[Date "2008.02.20"]
[Round "7"]
[White "Naiditsch, Arkadij"]
[Black "Dyachkov, Sergej"]
[Result "0-1"]
[WhiteElo "2638"]
[BlackElo "2559"]
[PlyCount "120"]
[EventDate "2008.02.14"]
[EventType "swiss"]
[EventRounds "9"]
[EventCountry "RUS"]
[SourceTitle "CBM 123"]
[Source "ChessBase"]
[SourceDate "2008.04.02"]
[SourceVersion "1"]
[SourceVersionDate "2008.04.02"]
[SourceQuality "1"]

1. d4 Nf6 2. Nf3 g6 3. Bf4 Bg7 4. e3 0-0 5. Be2 c5 6. 0-0 b6 7. c4 cxd4 8. exd4 d5 9. Nc3 Bb7 10. Ne5 Nc6 11. Bf3 Na5 12. b4 Nxc4 13. Nxc4 Rc8 14. Nxb6 axb6 15. Qb3 Ne4 16. Ne2 e6 17. Rfc1 Qd7 18. a4 Nd6 19. a5 Rxc1+ 20. Rxc1 Nc4 21. axb6 Qb5 22. Bc7 Nxb6 23. Rc5 Qa4 24. Nc1 Qxb3 25. Nxb3 Na4 26. Rb5 Bc6 27. Ra5 Rc8 28. Bd6 Nc3 29. Bc5 Bb5 30. g3 Bd3 31. h4 h5 32. Kh2 Nb5 33. Bg2 Bc4 34. Kg1 Rb8 35. Bf1 Bf6 36. Kg2 Kg7 37. Bxc4 dxc4 38. Nd2 c3 39. Nb3 Rb7 40. Kf3 g5 41. hxg5 Bxg5 42. Ke2 Nc7 43. Kd3 Nd5 44. Ra4 Rb8 45. Na5 Rh8 46. Ra1 h4 47. Rg1 hxg3 48. Rxg3 Kf6 49. Rf3+ Kg6 50. Nc4 Rh1 51. b5 Rd1+ 52. Kc2 Rc1+ 53. Kb3 Rb1+ 54. Kc2 Rxb5 55. Ne5+ Kh5 56. Rh3+ Bh4 57. Nc4 Kg4 58. Rh2 Bg5 59. Rh7 f6 60. Re7 Rxc5 0-1

[Event "Moscow Aeroflot op-A1"]
[Site "Moscow"]
[Date "2008.02.19"]
[Round "6"]
[White "Dyachkov, Sergej"]
[Black "Vachier Lagrave, Maxime"]
[Result "1/2-1/2"]
[WhiteElo "2559"]
[BlackElo "2637"]
[PlyCount "90"]
[EventDate "2008.02.14"]
[EventType "swiss"]
[EventRounds "9"]
[EventCountry "RUS"]
[SourceTitle "CBM 123"]
[Source "ChessBase"]
[SourceDate "2008.04.02"]
[SourceVersion "1"]
[SourceVersionDate "2008.04.02"]
[SourceQuality "1"]

1. Nf3 Nf6 2. c4 g6 3. Nc3 d5 4. Qa4+ Bd7 5. Qb3 dxc4 6. Qxc4 a6 7. d4 b5 8. Qb3 c5 9. dxc5 Nc6 10. e4 Be6 11. Qc2 Bg7 12. Be2 Qc7 13. a3 0-0 14. 0-0 b4 15. axb4 Nxb4 16. Qa4 a5 17. Nd4 Ng4 18. Bxg4 Bxg4 19. Be3 Rfd8 20. Nde2 Bd7 21. Qd1 Be6 22. Qa4 Nd3 23. Qa3 Ne5 24. Bf4 Qc6 25. Bxe5 Bxe5 26. Rfd1 Rdb8 27. Nd5 Bxd5 28. exd5 Qf6 29. Nc3 Ra6 30. Rac1 Rb4 31. g3 Bd4 32. Ne4 Qe5 33. Qd3 Ra8 34. Rc4 Bxb2 35. d6 exd6 36. Nxd6 Rxc4 37. Qxc4 Qf6 38. c6 Be5 39. Nb5 Rc8 40. Na7 Rc7 41. Rd7 Rxd7 42. cxd7 Bd4 43. d8Q+ Qxd8 44. Nc6 Qc7 45. Qxd4 Qxc6 1/2-1/2

[Event "Moscow Aeroflot op-A1"]
[Site "Moscow"]
[Date "2008.02.14"]
[Round "1"]
[White "Dyachkov, Sergej"]
[Black "Khalifman, Alexander"]
[Result "1/2-1/2"]
[WhiteElo "2559"]
[BlackElo "2638"]
[PlyCount "32"]
[EventDate "2008.02.14"]
[EventType "swiss"]
[EventRounds "9"]
[EventCountry "RUS"]
[SourceTitle "CBM 123"]
[Source "ChessBase"]
[SourceDate "2008.04.02"]
[SourceVersion "1"]
[SourceVersionDate "2008.04.02"]
[SourceQuality "1"]

1. d4 Nf6 2. c4 c5 3. d5 g6 4. Nc3 Bg7 5. e4 d6 6. Bd3 0-0 7. h3 e6 8. Nf3 exd5 9. exd5 Qe7+ 10. Qe2 Qxe2+ 11. Bxe2 Ne8 12. 0-0 Nd7 13. Bf4 Ne5 14. Rfe1 f5 15. Nb5 Nf7 16. Bd3 Bf6 1/2-1/2

[Event "EU-Cup 23rd"]
[Site "Kemer"]
[Date "2007.10.05"]
[Round "3.4"]
[White "Dyachkov, Sergej"]
[Black "Penttinen, Jarkko"]
[Result "1/2-1/2"]
[WhiteElo "2559"]
[BlackElo "2315"]
[PlyCount "48"]
[EventDate "2007.10.03"]
[EventType "team-swiss"]
[EventRounds "7"]
[EventCountry "TUR"]
[SourceTitle "CBM 121"]
[Source "ChessBase"]
[SourceDate "2007.11.14"]
[SourceVersion "1"]
[SourceVersionDate "2007.11.14"]
[SourceQuality "1"]
[WhiteTeam "Saratov Economist"]
[BlackTeam "Tampere"]
[WhiteTeamCountry "RUS"]
[BlackTeamCountry "FIN"]

1. d4 d5 2. c4 c6 3. Nf3 Nf6 4. Nc3 e6 5. e3 Nbd7 6. Bd3 dxc4 7. Bxc4 b5 8. Bd3 Bb7 9. e4 b4 10. Na4 c5 11. e5 Nd5 12. 0-0 cxd4 13. Re1 a6 14. Nxd4 Qb8 15. Qe2 g6 16. Bd2 Bg7 17. f4 0-0 18. Rac1 Qa7 19. Qf2 Rfc8 20. Nb3 Qxf2+ 21. Kxf2 Bc6 22. Nac5 Nxc5 23. Rxc5 a5 24. Bc2 a4 1/2-1/2

[Event "RUS-chT 14th"]
[Site "Sochi"]
[Date "2007.05.09"]
[Round "8"]
[White "Dyachkov, Sergej"]
[Black "Grigoriants, Sergey"]
[Result "1/2-1/2"]
[WhiteElo "2566"]
[BlackElo "2594"]
[PlyCount "50"]
[EventDate "2007.05.02"]
[EventType "team-tourn"]
[EventRounds "9"]
[EventCountry "RUS"]
[SourceTitle "EXT 2020"]
[Source "ChessBase"]
[SourceDate "2019.10.17"]
[SourceVersion "1"]
[SourceVersionDate "2019.10.17"]
[SourceQuality "1"]
[WhiteTeam "Saratov Economist SGSEU"]
[BlackTeam "Moscow Youth"]
[WhiteTeamCountry "RUS"]
[BlackTeamCountry "RUS"]

1. Nf3 Nf6 2. c4 c6 3. Nc3 d5 4. d4 e6 5. e3 a6 6. Qc2 c5 7. cxd5 exd5 8. Be2 cxd4 9. exd4 Be7 10. h3 Nc6 11. 0-0 0-0 12. Bg5 Be6 13. Rfe1 h6 14. Bf4 Rc8 15. Bf1 Nh5 16. Bh2 b5 17. Qd1 Nf6 18. Bd3 Qb6 19. Rc1 Na5 20. Bb1 Nc4 21. Re2 Rfe8 22. Bf4 Bf8 23. Bd3 Qa5 24. b3 Nb6 25. Nb1 Rxc1 1/2-1/2

[Event "Moscow Aeroflot op-A"]
[Site "Moscow"]
[Date "2007.02.21"]
[Round "8"]
[White "Dyachkov, Sergej"]
[Black "Belov, Vladimir"]
[Result "1/2-1/2"]
[WhiteElo "2554"]
[BlackElo "2600"]
[PlyCount "49"]
[EventDate "2007.02.14"]
[EventType "swiss"]
[EventRounds "9"]
[EventCountry "RUS"]
[SourceTitle "CBM 117"]
[Source "ChessBase"]
[SourceDate "2007.03.30"]
[SourceVersion "1"]
[SourceVersionDate "2007.03.30"]
[SourceQuality "1"]

1. d4 Nf6 2. Nf3 g6 3. c4 Bg7 4. Nc3 d5 5. Qb3 dxc4 6. Qxc4 0-0 7. e4 a6 8. Bf4 b5 9. Qxc7 Qxc7 10. Bxc7 Bb7 11. Bd3 b4 12. Na4 Nxe4 13. 0-0 Nf6 14. Rac1 Nd5 15. Nc5 Nxc7 16. Nxb7 Nb5 17. Rc4 a5 18. Rd1 Ra7 19. Be4 Nd7 20. Bc6 Rb8 21. Bxd7 Raxb7 22. Bxb5 Rxb5 23. Rdc1 Rd8 24. Kf1 Rbd5 25. Rc5 1/2-1/2

[Event "Moscow Aeroflot op-A"]
[Site "Moscow"]
[Date "2007.02.19"]
[Round "6"]
[White "Dyachkov, Sergej"]
[Black "Anastasian, Ashot"]
[Result "1-0"]
[WhiteElo "2554"]
[BlackElo "2587"]
[PlyCount "57"]
[EventDate "2007.02.14"]
[EventType "swiss"]
[EventRounds "9"]
[EventCountry "RUS"]
[SourceTitle "CBM 117"]
[Source "ChessBase"]
[SourceDate "2007.03.30"]
[SourceVersion "1"]
[SourceVersionDate "2007.03.30"]
[SourceQuality "1"]

1. Nf3 Nf6 2. c4 c5 3. Nc3 d5 4. cxd5 Nxd5 5. e4 Nb4 6. Bc4 Nd3+ 7. Ke2 Nf4+ 8. Kf1 Ne6 9. b4 Nc6 10. bxc5 g6 11. Bxe6 Bxe6 12. d4 Bg7 13. Be3 0-0 14. Rc1 Qa5 15. Ne2 Bxa2 16. d5 Rfd8 17. Bd2 Qa3 18. dxc6 bxc6 19. Qe1 Bb2 20. Rc2 Qb3 21. Rxb2 Qxb2 22. g3 Bc4 23. Kg2 Bxe2 24. Qxe2 a5 25. Qe3 Qc2 26. h4 Rd3 27. Qh6 Qb2 28. e5 Rad8 29. Ng5 1-0

[Event "Moscow Aeroflot op-A"]
[Site "Moscow"]
[Date "2007.02.16"]
[Round "3"]
[White "Wang, Yue"]
[Black "Dyachkov, Sergej"]
[Result "1/2-1/2"]
[WhiteElo "2644"]
[BlackElo "2554"]
[PlyCount "68"]
[EventDate "2007.02.14"]
[EventType "swiss"]
[EventRounds "9"]
[EventCountry "RUS"]
[SourceTitle "CBM 117"]
[Source "ChessBase"]
[SourceDate "2007.03.30"]
[SourceVersion "1"]
[SourceVersionDate "2007.03.30"]
[SourceQuality "1"]

1. d4 Nf6 2. c4 g6 3. Nc3 Bg7 4. e4 d6 5. f3 0-0 6. Be3 c5 7. dxc5 dxc5 8. Qxd8 Rxd8 9. Bxc5 Nc6 10. Ba3 a5 11. Rd1 Be6 12. Nd5 Nb4 13. Bd3 Bxd5 14. cxd5 Nxd3+ 15. Rxd3 e6 16. Be7 Rd7 17. d6 Ra6 18. Rc3 Rc6 19. Ne2 Ne8 20. Rxc6 bxc6 21. Nc3 Nxd6 22. Bxd6 Rxd6 23. Ke2 Bxc3 24. bxc3 c5 25. Rb1 c4 26. Rb8+ Kg7 27. Rc8 Rb6 28. a4 Rb2+ 29. Kf1 Kf6 30. Rxc4 Ke5 31. Rc7 Kf4 32. Kg1 Rb1+ 33. Kf2 Rb2+ 34. Kg1 Rb1+ 1/2-1/2

[Event "Saratov Aratovsky Memorial 6th"]
[Site "Saratov"]
[Date "2006.12.02"]
[Round "6"]
[White "Fedorov, Alexei"]
[Black "Dyachkov, Sergej"]
[Result "1/2-1/2"]
[WhiteElo "2620"]
[BlackElo "2550"]
[PlyCount "35"]
[EventDate "2006.11.27"]
[EventType "swiss"]
[EventRounds "9"]
[EventCountry "RUS"]
[SourceTitle "EXT 2008"]
[Source "ChessBase"]
[SourceDate "2007.11.25"]
[SourceVersion "1"]
[SourceVersionDate "2007.11.25"]
[SourceQuality "1"]

1. e4 e6 2. d3 d5 3. Qe2 dxe4 4. dxe4 b6 5. Nf3 Ba6 6. Qd2 Qxd2+ 7. Bxd2 Nf6 8. Nc3 Bxf1 9. Rxf1 Nc6 10. 0-0-0 Bb4 11. Nb5 Bxd2+ 12. Rxd2 Ke7 13. Re1 Rhc8 14. e5 Nd5 15. c4 Nf4 16. Re4 Ng6 17. h4 h5 18. g3 1/2-1/2

[Event "Saratov Aratovsky Memorial 6th"]
[Site "Saratov"]
[Date "2006.11.30"]
[Round "4"]
[White "Danin, Alexandre"]
[Black "Dyachkov, Sergej"]
[Result "0-1"]
[WhiteElo "2440"]
[BlackElo "2550"]
[PlyCount "68"]
[EventDate "2006.11.27"]
[EventType "swiss"]
[EventRounds "9"]
[EventCountry "RUS"]
[SourceTitle "EXT 2008"]
[Source "ChessBase"]
[SourceDate "2007.11.25"]
[SourceVersion "1"]
[SourceVersionDate "2007.11.25"]
[SourceQuality "1"]

1. e4 e6 2. d4 d5 3. Nd2 Nf6 4. e5 Nfd7 5. Bd3 c5 6. c3 Nc6 7. Ne2 cxd4 8. cxd4 f6 9. Nf4 Nxd4 10. Qh5+ Ke7 11. exf6+ Nxf6 12. Ng6+ hxg6 13. Qxh8 e5 14. Nf3 Nc6 15. Bxg6 e4 16. Nh4 Qa5+ 17. Bd2 Qb5 18. Bh5 Ne5 19. Ng6+ Nxg6 20. Bxg6 Bg4 21. f3 exf3 22. 0-0-0 f2 23. Rdf1 Be2 24. Rxf2 Qc5+ 25. Kb1 Qxf2 26. Rc1 Qd4 27. Bc3 Qg4 28. Bc2 Qh5 29. Bxf6+ Kxf6 30. Qg8 Rc8 31. g4 Bxg4 32. Rf1+ Ke7 33. Re1+ Kd6 34. Rf1 Be6 0-1

[Event "RUS-chT 13th"]
[Site "Sochi"]
[Date "2006.04.28"]
[Round "9"]
[White "Dyachkov, Sergej"]
[Black "Grigoriants, Sergey"]
[Result "1/2-1/2"]
[WhiteElo "2548"]
[BlackElo "2568"]
[PlyCount "37"]
[EventDate "2006.04.20"]
[EventType "team-tourn"]
[EventRounds "11"]
[EventCountry "RUS"]
[SourceTitle "EXT 2020"]
[Source "ChessBase"]
[SourceDate "2019.10.17"]
[SourceVersion "1"]
[SourceVersionDate "2019.10.17"]
[SourceQuality "1"]
[WhiteTeam "Saratov Economist SGSEU"]
[BlackTeam "Moscow Youth"]
[WhiteTeamCountry "RUS"]
[BlackTeamCountry "RUS"]

1. d4 Nf6 2. Nf3 e6 3. g3 b5 4. Bg2 Bb7 5. 0-0 d5 6. c3 Nbd7 7. Bg5 Be7 8. Nbd2 0-0 9. b4 a5 10. a3 Nb6 11. Ne5 Nfd7 12. Bxe7 Qxe7 13. Nxd7 Qxd7 14. Nb3 axb4 15. axb4 Rxa1 16. Qxa1 Ra8 17. Qb1 Qc8 18. Qc2 Ra3 19. Ra1 1/2-1/2

[Event "RUS-chT 13th"]
[Site "Sochi"]
[Date "2006.04.24"]
[Round "5"]
[White "Dyachkov, Sergej"]
[Black "Sorokin, Maxim"]
[Result "0-1"]
[WhiteElo "2548"]
[BlackElo "2559"]
[PlyCount "72"]
[EventDate "2006.04.20"]
[EventType "team-tourn"]
[EventRounds "11"]
[EventCountry "RUS"]
[SourceTitle "EXT 2020"]
[Source "ChessBase"]
[SourceDate "2019.10.17"]
[SourceVersion "1"]
[SourceVersionDate "2019.10.17"]
[SourceQuality "1"]
[WhiteTeam "Saratov Economist SGSEU"]
[BlackTeam "Samara Yunilain"]
[WhiteTeamCountry "RUS"]
[BlackTeamCountry "RUS"]

1. Nf3 d5 2. c4 e6 3. g3 dxc4 4. Qa4+ Nd7 5. Bg2 a6 6. Qxc4 b5 7. Qc2 Bb7 8. a4 c5 9. 0-0 Ngf6 10. axb5 axb5 11. Rxa8 Qxa8 12. Na3 Bc6 13. d3 Be7 14. Nh4 Nd5 15. Bxd5 exd5 16. Nf5 b4 17. Nb1 Bf6 18. Nd6+ Kf8 19. e4 g6 20. Bh6+ Ke7 21. exd5 Ba4 22. b3 Kxd6 23. bxa4 Qxd5 24. Nd2 Kc6 25. Be3 Bc3 26. Nc4 Ne5 27. Nxe5+ Qxe5 28. Rd1 Rd8 29. a5 Kb5 30. Bf4 Qe6 31. a6 Qxa6 32. Rb1 Kc6 33. d4 Rxd4 34. Be3 Rd3 35. Qe2 Qc4 36. Bf4 Rxg3+ 0-1

[Event "RUS-chT 13th"]
[Site "Sochi"]
[Date "2006.04.20"]
[Round "1"]
[White "Dyachkov, Sergej"]
[Black "Tkachiev, Vladislav"]
[Result "0-1"]
[WhiteElo "2548"]
[BlackElo "2643"]
[PlyCount "80"]
[EventDate "2006.04.20"]
[EventType "team-tourn"]
[EventRounds "11"]
[EventCountry "RUS"]
[SourceTitle "EXT 2020"]
[Source "ChessBase"]
[SourceDate "2019.10.17"]
[SourceVersion "1"]
[SourceVersionDate "2019.10.17"]
[SourceQuality "1"]
[WhiteTeam "Saratov Economist SGSEU"]
[BlackTeam "Tomsk 400"]
[WhiteTeamCountry "RUS"]
[BlackTeamCountry "RUS"]

1. d4 Nf6 2. c4 e6 3. g3 d5 4. Bg2 Bb4+ 5. Nd2 0-0 6. Ngf3 b6 7. 0-0 Bb7 8. cxd5 exd5 9. Ne5 Re8 10. Ndf3 h6 11. Bf4 Bf8 12. Qb3 Na6 13. Nd3 Qe7 14. Be5 Ne4 15. Rad1 Rad8 16. Nh4 c5 17. Nf4 cxd4 18. Bxd4 Nac5 19. Qf3 Ne6 20. Nf5 Qg5 21. Nxe6 fxe6 22. Nh4 Nd2 23. Rxd2 Qxd2 24. e3 Ba6 25. Bc3 Qe2 26. Qf4 Qh5 27. Re1 Qf7 28. Qa4 Bd3 29. Nf3 Bd6 30. Ne5 Bxe5 31. Bxe5 Rc8 32. Qd4 Rc2 33. f3 Qg6 34. e4 dxe4 35. fxe4 Re2 36. Rxe2 Bxe2 37. Bd6 Rd8 38. Qb4 Qg5 39. h4 Qe3+ 40. Kh2 Bf3 0-1

[Event "RUS-chT 12th"]
[Site "Sochi"]
[Date "2005.04.23"]
[Round "5"]
[White "Dyachkov, Sergej"]
[Black "Korotylev, Alexey"]
[Result "1/2-1/2"]
[WhiteElo "2387"]
[BlackElo "2605"]
[PlyCount "45"]
[EventDate "2005.04.19"]
[EventType "team-tourn"]
[EventRounds "11"]
[EventCountry "RUS"]
[SourceTitle "EXT 2020"]
[Source "ChessBase"]
[SourceDate "2019.10.17"]
[SourceVersion "1"]
[SourceVersionDate "2019.10.17"]
[SourceQuality "1"]
[WhiteTeam "Saratov Economist SGSEU"]
[BlackTeam "Samara Termosteps"]
[WhiteTeamCountry "RUS"]
[BlackTeamCountry "RUS"]

1. d4 Nf6 2. c4 e6 3. g3 d5 4. Bg2 dxc4 5. Qa4+ Nbd7 6. Qxc4 a6 7. Qd3 c5 8. dxc5 Bxc5 9. Nf3 0-0 10. 0-0 Qe7 11. Nc3 b5 12. Ng5 Bb7 13. Bxb7 Ne5 14. Qc2 Qxb7 15. Nce4 Nxe4 16. Qxe4 Qxe4 17. Nxe4 Bd4 18. Rb1 Rfd8 19. Bf4 Ng4 20. h3 Nf6 21. Nxf6+ Bxf6 22. Rfc1 Rac8 23. Rxc8 1/2-1/2

[Event "RUS-chT 12th"]
[Site "Sochi"]
[Date "2005.04.21"]
[Round "3"]
[White "Dyachkov, Sergej"]
[Black "Yakovich, Yuri"]
[Result "1-0"]
[WhiteElo "2387"]
[BlackElo "2565"]
[PlyCount "121"]
[EventDate "2005.04.19"]
[EventType "team-tourn"]
[EventRounds "11"]
[EventCountry "RUS"]
[SourceTitle "EXT 2020"]
[Source "ChessBase"]
[SourceDate "2019.10.17"]
[SourceVersion "1"]
[SourceVersionDate "2019.10.17"]
[SourceQuality "1"]
[WhiteTeam "Saratov Economist SGSEU"]
[BlackTeam "Samara Yunilain"]
[WhiteTeamCountry "RUS"]
[BlackTeamCountry "RUS"]

1. Nf3 d5 2. c4 e6 3. g3 dxc4 4. Qa4+ Nd7 5. Bg2 a6 6. Qxc4 b5 7. Qc2 Bb7 8. a4 c5 9. 0-0 Ngf6 10. axb5 axb5 11. Rxa8 Qxa8 12. Na3 Qa6 13. d3 Be7 14. Qb3 Bc6 15. Nh4 Nd5 16. Nf5 Bf8 17. Bxd5 exd5 18. e4 Qa4 19. Qxa4 bxa4 20. exd5 Bxd5 21. Nb5 Kd8 22. Bf4 g6 23. Nfd6 Bg7 24. Nc3 Bb3 25. Rc1 Bd4 26. Ndb5 Bg7 27. Ra1 Bxc3 28. Nxc3 Re8 29. Nxa4 Re2 30. Bd6 Bxa4 31. Rxa4 Kc8 32. b4 cxb4 33. Rxb4 Re6 34. Bf4 Nb6 35. Rd4 Kb7 36. Be3 Kc6 37. Rh4 h5 38. Bxb6 Kxb6 39. Rc4 Rd6 40. Rc3 Kb5 41. Kf1 h4 42. Ke2 Re6+ 43. Kd2 hxg3 44. hxg3 Kb6 45. d4 f5 46. Kd3 Re1 47. Rc8 Rd1+ 48. Ke3 Re1+ 49. Kd2 Re4 50. Kd3 Kb7 51. Rc1 Kb6 52. f3 Re8 53. d5 g5 54. Rc6+ Kb5 55. Kd4 g4 56. Rf6 gxf3 57. Rxf5 Rg8 58. Rxf3 Rg4+ 59. Ke5 Rg5+ 60. Kf6 Rg8 61. Rc3 1-0